Útok na Gamsachurdiov úkryt Problémy Spoločenstva nezávislých štátov sa stále prehlbujú

Bibliographic Details
Format: Article
Language:Slovak
Subjects:

MARC

LEADER 00000nab a2200000 a 4500
001 vtls000438804
003 SK-MaSNL
005 20260304074817.0
008 120926c1992 xo 0 slo
015 |a SNBRB19rr/mm-uuuuu 
035 |a CL0438932 
040 |a SNKBUCL  |b slo  |c SNKBUCL  |e AACR2 
041 0 |a slo 
044 |a xo  |c SK 
080 |a 323(47)  |2 1981 
080 |a 323(470)  |2 1981 
080 |a 323(477)  |2 1981 
080 |a 323(479.22)  |2 1981 
245 0 0 |a Útok na Gamsachurdiov úkryt  |b Problémy Spoločenstva nezávislých štátov sa stále prehlbujú 
650 0 7 |a Spoločenstvo nezávislých štátov  |2 snkbucl  |9 14564 
651 7 |a Ukrajina  |2 snkbucl  |9 168045 
651 7 |a Gruzínsko  |2 snkbucl  |9 19844 
651 7 |a Rusko  |2 snkbucl  |9 17250 
655 7 |a články z novín a časopisov  |2 snkbucl  |9 267496 
773 0 |t Národná obroda  |g Roč. 3, č. 4 (6. 1. 1992), s. 1 a 4 
850 |a Slovenská národná knižnica v Martine  |a MTA001 
852 |a SNK  |b KIS3GCP 
958 |a RK 
992 |a RBX 
999 |c 2778024  |d 2779954